Les plus grandes marques du monde - Statistiques

Statistiques générales
  • Ce quiz a été pris 721 fois
  • Le résultat moyen est 9 sur 37
Statistiques - réponses
Pays d'origine Capitalisation boursière (en milliards de $) Société % Correct
Etats-Unis 450,4 Apple
83%
Corée du Sud 173,9 Samsung
71%
Etats-Unis 320,6 Microsoft
60%
Etats-Unis 356,7 Google
56%
Etats-Unis 61,4 Nike
54%
Etats-Unis 146,9 Amazon
52%
Allemagne 21,2 Adidas
49%
Etats-Unis 148,9 Facebook
47%
Etats-Unis 157,3 Coca-Cola
45%
Japon 180,5 Toyota
39%
Allemagne 77,7 BMW
35%
Etats-Unis 90,3 McDonald's
34%
Japon 18,8 Sony
33%
Etats-Unis 60,1 Ford
32%
Allemagne 103,5 Volkswagen
26%
Suisse 223,4 Nestlé
24%
Etats-Unis 117,6 Pepsi
23%
Japon 50,7 Honda
18%
Corée du Sud 46,4 Hyundai
17%
Etats-Unis 231,2 Walmart
12%
Etats-Unis 52,1 Starbucks
11%
Chine 8,7 Alibaba
10%
Pays-Bas 218,3 Shell
10%
Etats-Unis 66,2 eBay
7%
Etats-Unis 242,0 General Electric
6%
Japon 26,2 Panasonic
5%
Royaume-Uni 179,6 HSBC
4%
Etats-Unis 36,9 FedEx
3%
France 91,9 BNP Paribas
2%
Japon 33,8 Hitachi
1%
Royaume-Uni 90,3 Vodafone
1%
Etats-Unis 133,3 Walt Disney
1%
Chine 162,6 China Construction Bank
0%
Chine 201,1 ICBC
0%
Etats-Unis 54,9 Time Warner
0%
Etats-Unis 184,5 Verizon Communications
0%
Etats-Unis 243,8 Wells Fargo
0%
Aucun quiz correspondant
Distribution des résultats
% des personnes avec chaque résultat
Percentile par nombre de réponses
Votre historique - résultats
Vous n’avez pas pris ce quiz